| 000 | 00665nam a2200205 a 4500 | ||
|---|---|---|---|
| 001 | BRCA_427 | ||
| 005 | 20190320203015.0 | ||
| 008 | 940628s1992 fr-a---##b---#001-0#fre-# | ||
| 020 | _a2906450863 | ||
| 040 |
_aDLC _cDLC |
||
| 050 | 4 |
_aNK7310 _b.T75 1992 |
|
| 245 | 1 | 0 | _aIIIème Triennale du bijou. |
| 260 |
_aParís _bDu May _c1992 |
||
| 300 |
_a143 p. _bil. a color _c31 cm. |
||
| 500 | _aCatálogo de la exposición realizada en el Musée des Arts Décoratifs (París), 20 octubre - 20 diciembre 1992 | ||
| 500 | _aIncluye biografía de artistas | ||
| 504 | _aBibliografía : p. 137 | ||
| 650 | 1 | 4 |
_aJoyería europea _vExposiciones _y1990´s _91454 |
| 942 |
_2lcc _cB |
||
| 999 |
_c362 _d362 |
||